Texto y contexto: semántica y pragmática del discurso

Uloženo v:
Podrobná bibliografie
Hlavní autor: Dijk, Teun Adrianus van (Autor)
Médium: Kniha
Jazyk:španělština
Vydáno: Madrid Cátedra 1984
Vydání:2a. ed
Edice:Lingüística
Témata:
Tagy: Přidat tag
Žádné tagy, Buďte první, kdo vytvoří štítek k tomuto záznamu!

MARC

LEADER 00000nam a2200000 a 4500
001 UCO4710
003 CL-VaPUC
008 000811e19840000SP |||||||||||||||||spa|d
082 0 4 |a 401.43  |b DIJ  |2 21 
100 0 |a Dijk, Teun Adrianus van  |e author  |9 449351 
245 1 0 |a Texto y contexto: semántica y pragmática del discurso 
250 |a 2a. ed 
300 |a 357 p 
942 |c BK 
945 |d 20000811 00:00:00  |a crobeson 
260 |a Madrid  |b Cátedra  |c 1984 
650 0 |a Análisis del discurso  |9 256696 
650 0 |a Semántica  |9 265318 
650 0 |a Lingüística  |9 265068 
650 0 |a Filosofía del lenguaje  |9 257082 
650 7 |a TEORIA LINGUISTICA  |2 CL-VaPUC  |9 334835 
583 |a last modification  |c 20000811 00:00:00  |k Rodrigo Vera 
490 0 |a Lingüística 
999 |c 290714  |d 290712 
952 |0 0  |1 0  |4 0  |6 401_430000000000000_DIJ_1984  |7 0  |8 A  |9 340271  |a BIBART  |b BIBART  |d 2019-11-20  |i 1214977  |o 401.43 DIJ 1984  |p 1214977  |r 2025-03-13  |w 2019-11-20  |y BK  |k ART